| 000 | 01806cam a2200181 4500500 | ||
|---|---|---|---|
| 005 | 20251228095031.0 | ||
| 041 | _afre | ||
| 042 | _adc | ||
| 100 | 1 | 0 |
_aLe Moing, Monique _eauthor |
| 245 | 0 | 0 | _aSerge Dieudonné, 444 quatrains, Espelette, Cherche-bruit, 2016, 124 pages |
| 260 | _c2017. | ||
| 500 | _a84 | ||
| 520 | _aIl s’agit dans cet article d’étudier le regard indiscret qui engendre la jalousie chez deux personnages créés par deux auteurs d’origine, de culture et d’époque totalement différentes qui, cependant, ont une démarche étonnamment similaire. Ils tentent (et réussissent) de créer l’incertitude et le doute dans l’esprit du lecteur en utilisant subtilement des arguments simples mais irréfutables qui jouent en leur faveur. | ||
| 520 | _aThis article is an analysis of the indiscreet gaze which gives rise to jealousy in two characters which have been created by two authors coming from completely different backgrounds, cultures and periods, yet whose approach is strangely similar. These authors both successfully attempt to create uncertainty and doubt in the reader by their subtle use of simple but invincible arguments playing in their favour. | ||
| 520 | _aEste artigo propõe um estudo sobre o olhar indiscreto provocado pelo ciúme em duas personagens criadas por dois autores que, não obstante terem vividos em épocas e espaços totalmente distintos, procedem de forma estranhamente idêntica. Tentam (e conseguem) engendrar a incerteza e a dúvida no espírito do leitor, recorrendo, de forma subtil, a argumentos simples, embora irrefutáveis, que jogam sempre a seu favor. | ||
| 786 | 0 | _nSigila | 39 | 1 | 2017-03-01 | p. 157d-164d | 1286-1715 | |
| 856 | 4 | 1 | _uhttps://shs.cairn.info/revue-sigila-2017-1-page-157d?lang=fr&redirect-ssocas=7080 |
| 999 |
_c1605420 _d1605420 |
||